Teoría y aplicaciones de los gráficos

Shranjeno v:
Bibliografske podrobnosti
Glavni avtor: Ore, Oystein (autor)
Format: Knjiga
Jezik:španščina
Izdano: Cali Norma 1963
Izdaja:1a. ed
Serija:Biblioteca de Matemática Contemporánea
Teme:
Oznake: Označite
Brez oznak, prvi označite!

MARC

LEADER 00000nam a2200000 a 4500
001 UCH1872
003 CL-VaPUC
008 090514e19630000CK |||||||||||||||||spa|d
082 0 4 |a 511.5  |b ORE  |2 21 
100 |a Ore, Oystein  |e autor  |9 536448 
245 1 0 |a Teoría y aplicaciones de los gráficos 
250 |a 1a. ed 
300 |a 160 p 
942 |c BK 
945 |d 20090514 00:00:00  |a dcastane 
260 |a Cali  |b Norma  |c 1963 
650 0 |a Teoría de grafos  |9 269886 
650 0 |a Grafos  |9 344754 
650 0 |a Árboles  |x Gráficos   |9 536449 
650 0 |a Teoría de juegos  |9 263826 
583 |a last modification  |c 20090514 00:00:00  |k Rodrigo Vera 
490 0 |a Biblioteca de Matemática Contemporánea 
999 |c 333769  |d 333767 
952 |0 0  |1 0  |4 0  |6 511_500000000000000_ORE_1963  |7 0  |8 A  |9 422372  |a BIBCUR  |b BIBCUR  |d 2019-11-22  |i 4543505  |l 2  |o 511.5 ORE 1963  |p 4543505  |r 2025-04-22  |s 2025-03-27  |w 2019-11-22  |y BK  |k FIS